000 00351 a2200157 4500
001 186638
020 _a85-86377-42-2
040 _cMagnum
100 _aOliveira, Aurelio de
240 1 0 _aTres guerreiros e uma dama
_lpor
245 1 0 _aTres guerreiros e uma dama
300 _a16
362 0 _a1999
697 _aLITERATURA INFANTO
942 _cBK
999 _c186638
_d186638